COMPETENCY BASED 7 LOGBOOK AND CLINICAL MANUAL IN: COMMUNITY MEDICINE FOR FIRST, SECOND AND THIRD PROFESSIONAL MBBS AS PER THE LATEST CBME GUIDELINES/ COMPETENCY BASED UNDERGRADUATE CURRICULUM FOR THE INDIAN MEDICINE GRADUATE (Record no. 216718)

MARC details
000 -LEADER
fixed length control field 00756nam a22001817a 4500
008 - FIXED-LENGTH DATA ELEMENTS--GENERAL INFORMATION
fixed length control field 260226b |||||||| |||| 00| 0 eng d
020 ## - INTERNATIONAL STANDARD BOOK NUMBER
International Standard Book Number 978-93-54662-45-4
050 ## - LIBRARY OF CONGRESS CALL NUMBER
Classification number RA 440.6 .V47 2021
100 ## - MAIN ENTRY--PERSONAL NAME
Personal name VERMA , NIKET
245 ## - TITLE STATEMENT
Title COMPETENCY BASED 7 LOGBOOK AND CLINICAL MANUAL IN: COMMUNITY MEDICINE FOR FIRST, SECOND AND THIRD PROFESSIONAL MBBS AS PER THE LATEST CBME GUIDELINES/ COMPETENCY BASED UNDERGRADUATE CURRICULUM FOR THE INDIAN MEDICINE GRADUATE
250 ## - EDITION STATEMENT
Edition statement FIRST EDITION
260 ## - PUBLICATION, DISTRIBUTION, ETC.
Place of publication, distribution, etc. NEW DELHI,
Name of publisher, distributor, etc. CBS PUBLISHERS & DISTRIBUTORS PVT LTD,
Date of publication, distribution, etc. 2021.
300 ## - PHYSICAL DESCRIPTION
Extent X ,166P :ILL
650 ## - SUBJECT ADDED ENTRY
Topical term or geographic name entry element COMPETENCY BASED LOGBOOK AND MANUAL IN: COMMUNITY MEDICINE
700 ## - ADDED ENTRY--PERSONAL NAME
Personal name AGRAWAL POONAM. JAIN SEEMA
942 ## - ADDED ENTRY ELEMENTS (KOHA)
Source of classification or shelving scheme Library of Congress Classification
Koha item type Long Loan Book
Holdings
Withdrawn status Lost status Source of classification or shelving scheme Damaged status Not for loan Collection Home library Current library Shelving location Date acquired Inventory number Total checkouts Full call number Barcode Date last seen Copy number Price effective from Koha item type
    Library of Congress Classification     Medicine Kisii University Library Kisii University Library On Display 02/26/2026 112075   RA 440.6 .V47 2021 A000838 02/26/2026 C.1 02/26/2026 Long Loan Book
    Library of Congress Classification     Medicine Kisii University Library Kisii University Library On Display 02/26/2026 112076   RA 440.6 .V47 2021 A000840 02/26/2026 C.2 02/26/2026 Long Loan Book
    Library of Congress Classification     Medicine Kisii University Library Kisii University Library On Display 02/26/2026 112077   RA 440.6 .V47 2021 A000839 02/26/2026 C.3 02/26/2026 Long Loan Book
    Library of Congress Classification     Medicine Kisii University Library Kisii University Library On Display 03/06/2026 111837   RA 418 .V47 2021 a000213 03/06/2026 4 03/06/2026 Long Loan Book